00602 2200217 4500001002100000005001500021035002000036007000300056008004100059020001800100082000800118084001400126100002100140245005000161250001000211260005400221300004900275650001900324856003000343990001100373INLIS00000000000002920230915103535 a0010-0923000017ta230915 0 ind  a979-420-192-8 a632 a632 HAR p0 aHaryono Semangun1 aPenyakit-penyakit Tanaman Pangan di Indonesia akedua aYogyakarta :bGadjah mada University Press,c1990 avii, ; 475 hlm, :billus, ;c14,5 cm x 21 cm 4aTanaman Pangan aperpustakaan bpsip sumbar a533/14